Derekegyháza község és déli határának topográfiája és településtörténete

Elmentve itt :
Bibliográfiai részletek
Szerző: Tary Gábor
További közreműködők: Trogmayer Ottó (Témavezető)
Dokumentumtípus: Szakdolgozat
Tárgyszavak:
Online Access:http://diploma.bibl.u-szeged.hu/57070
LEADER 00556nta a2200145 i 4500
001 dipl57070
005 20160511144805.0
008 160511suuuu hu om 0|| hun d
040 |a SZTE Diploma Repozitórium  |b hun 
041 |a hun 
100 1 |a Tary Gábor 
245 1 0 |a Derekegyháza község és déli határának topográfiája és településtörténete  |h [elektronikus dokumentum] /  |c Gábor Tary 
650 4 |a Bölcsészettudományok 
700 1 |a Trogmayer Ottó  |e ths 
856 4 0 |u http://diploma.bibl.u-szeged.hu/id/eprint/57070/1/xxxx_tary_gabor.pdf  |z Dokumentum-elérés